Compilaciones: de Héctor Nery Castalleda / (Registro nro. 2716)

Detalles MARC
000 -LEADER
campo de control de longitud fija 02569nam a2200373 i 4500
001 - NÚMERO DE CONTROL
campo de control 2716
003 - IDENTIFICADOR DE NÚMERO DE CONTROL
campo de control gttocutb
005 - FECHA Y HORA DE LA ÚLTIMA TRANSACCIÓN
campo de control 20260306172627.0
007 - CAMPO FIJO DE DESCRIPCIÓN FÍSICA--INFORMACIÓN GENERAL
campo de control de longitud fija ta
008 - DATOS DE LONGITUD FIJA--INFORMACIÓN GENERAL
campo de control de longitud fija 260306b2005 gt |||||r|||| 001 0 spa d
040 04 - FUENTE DE CATALOGACIÓN
Centro catalogador/agencia de origen gttocutb
Lengua de catalogación spa
Centro/agencia transcriptor gttocutb
Centro/agencia modificador gttocutb
Normas de descripción rda
082 04 - NÚMERO DE LA CLASIFICACIÓN DECIMAL DEWEY
Número de clasificación 100 C737
110 10 - ENTRADA PRINCIPAL--NOMBRE DE ENTIDAD CORPORATIVA
Nombre de entidad corporativa o nombre de jurisdicción como elemento de entrada Universidad de San Carlos de Guatemala
Unidad subordinada Dirección General de Investigación
245 1# - MENCIÓN DEL TÍTULO
Título Compilaciones: de Héctor Nery Castalleda /
Mención de responsabilidad, etc. DIGI, USAC
264 1# - PRODUCCIÓN, PUBLICACIÓN, DISTRIBUCIÓN, FABRICACIÓN Y COPYRIGHT
Producción, publicación, distribución, fabricación y copyright Guatemala :
Nombre del de productor, editor, distribuidor, fabricante Dirección General de Investigación
Fecha de producción, publicación, distribución, fabricación o copyright 2005.
300 10 - DESCRIPCIÓN FÍSICA
Extensión 149 páginas :
Dimensiones 21 cm
336 10 - TIPO DE CONTENIDO
Fuente rdacontenido
Término de tipo de contenido texto
Código de tipo de contenido txt
337 10 - TIPO DE MEDIO
Fuente rdamedio
Nombre/término del tipo de medio sin mediación
Código del tipo de medio n
338 10 - TIPO DE SOPORTE
Fuente rdasoporte
Nombre/término del tipo de soporte volumen
Código del tipo de soporte nc
505 04 - NOTA DE CONTENIDO CON FORMATO
Información miscelánea Prólogo
505 04 - NOTA DE CONTENIDO CON FORMATO
Título Nota sobre el concepto de relación en Platón --
505 04 - NOTA DE CONTENIDO CON FORMATO
Título El Dr. Recaséns Siches y la diferencia entre Derecho y moral --
505 04 - NOTA DE CONTENIDO CON FORMATO
Título La lógica general de las normas y la ética --
505 04 - NOTA DE CONTENIDO CON FORMATO
Título Naturaleza de las cuestiones filosóficas --
505 04 - NOTA DE CONTENIDO CON FORMATO
Título Primera nota sobre la filosofía de la pedagogía --
505 04 - NOTA DE CONTENIDO CON FORMATO
Título Nota sobre la lógica de los fines y medios --
505 0# - NOTA DE CONTENIDO CON FORMATO
Título La dialéctica de la conciencia de si mismo.
520 ## - RESUMEN, ETC.
Sumario, etc. Héctor Nery Castañeda Calderón, el pensador filosófico latinoamericano más profundo y original del siglo XX, nació en la aldea San Vicente Cabañas, Zacapa, un 6 de diciembre de 1924 y falleció en Bloomington, Indiana, Estados Unidos de América, el 7 de septiembre de 1991.<br/>Fue alumno de la Escuela Normal Militarizada, de la cual fue expulsado por su rebeldía, ello lo obligó a continuar sus estudios de magisterio en Costa Rica. De vuelta a Guatemala, cuando era presidene el Dr. Árevalo. Fue uno de los fundadores del Centro Filológico Andrés Bello y alumno fundador de la Facultad de Humanidades de la USAC. En 1949 fue becado para hacer estudios en la Universidad de Minnesota, allí obtuvo una maestría y un doctorado en filosofía bajo la dirección de Wlfrids Sellars. Volvió a nuestro país pero el ambiente politizado lo obligó a buscar otros horizontes, y en 1955 se marchó a Oxford, Inglaterra, donde hizo estudios posdoctorales y planeó su admirable obra filosofica, la mayor parte escrita en idioma inglés. El presente volumen recoge la mayoria de los primeros ensayos filosóficos que publicó en español, que se bibliografia total tomaría varias página más.
521 ## - NOTA DE PÚBLICO DESTINATARIO
Nota de público destinatario Recomendado para público en general
650 14 - PUNTO DE ACCESO ADICIONAL DE MATERIA--TÉRMINO DE MATERIA
Fuente del encabezamiento o término LEMB
Término de materia o nombre geográfico como elemento de entrada Filosofía
650 14 - PUNTO DE ACCESO ADICIONAL DE MATERIA--TÉRMINO DE MATERIA
Fuente del encabezamiento o término LEMB
Término de materia o nombre geográfico como elemento de entrada Lógica ética
650 14 - PUNTO DE ACCESO ADICIONAL DE MATERIA--TÉRMINO DE MATERIA
Fuente del encabezamiento o término LEMB
Término de materia o nombre geográfico como elemento de entrada Derecho y moral
942 ## - ELEMENTOS DE ENTRADA SECUNDARIOS (KOHA)
Fuente de la clasificación o esquema de estantería Clasificación Decimal Dewey
Tipo de ítem Koha Libros
Suprimir en OPAC No
Existencias
Estatus retirado Estado de pérdida Fuente de la clasificación o esquema de estantería Estado de daño No para préstamo Colección Biblioteca de origen Biblioteca actual Ubicación en estantería Fecha de adquisición Fuente de adquisición Información codificada de la localización en otra ubicación Número de inventario Total de préstamos Signatura topográfica completa Visto por última vez Precio de reemplazo Tipo de ítem Koha
    Clasificación Decimal Dewey     general BIBLIOTECA CUNTOTO BIBLIOTECA CUNTOTO Colección general 04/06/2012 donación 516 516   100 C737 06/03/2026 06/03/2026 Libros
    Clasificación Decimal Dewey     general BIBLIOTECA CUNTOTO BIBLIOTECA CUNTOTO Colección general 04/06/2012 donación 516 516   100 C737c1 06/03/2026 06/03/2026 Libros
    Clasificación Decimal Dewey     general BIBLIOTECA CUNTOTO BIBLIOTECA CUNTOTO Colección general 04/06/2012 donación 516 516   100 C737c2 06/03/2026 06/03/2026 Libros
    Clasificación Decimal Dewey     general BIBLIOTECA CUNTOTO BIBLIOTECA CUNTOTO Colección general 04/06/2012 donación 516 516   100 C737c3 06/03/2026 06/03/2026 Libros